000 01386nam a22003617a 4500
999 _c21489
_d21489
003 AR-CdUCM
008 190220b ||||| |||| 00| 0 spa d
020 _a9789972516115
040 _aMUNICIPALIDAD PROVINCIAL DEL CUSCO
_cBIBLIOTECA MUNICIPAL DEL CUSCO
082 _a305.80/L25
_bL25
100 _aLarsen, Peter Bille
_945025
245 _aDerechos indígenas, gobernanza ambiental y recursos en la amazonía peruana hacia una antropología de la posfrontera /
_cPeter Bille Larsen ; [traducción, Rosa Álvarez Orgaz].
260 _aLima :
_bInstituto de Estudios Peruanos, IEP,
_c2016.
300 _a275 páginas. :
_bilustraciones ;
_c23 cm.
440 _aSerie Perú Problema,
_n49.
_945026
500 _zBibliografía: p. [237]-269.
650 _aEtnología
_91915
650 _aIndígenas amueshas
_945027
650 _aIndígenas del Perú
_95715
650 _aDerecho indígena
_945028
650 _aVigilancia ambiental
_945029
650 _aProtección ambiental
_922672
650 _aHidrocarburos
_93283
650 _aGestión ambiental
_930438
650 _aAntropología
_9878
650 _aParticipación ciudadana
_94011
650 _aRegión de la Selva
_921783
650 _aPerú
_945030
700 _aÁlvarez Orgaz, María Rosa (traductora)
_945031
710 _aInstituto de Estudios Peruanos (Lima)
_99759
942 _2ddc
_cLIBROS
945 _aRoel